000 00497nam a2200181Ia 4500
005 20240913125820.0
008 240913s9999||||xx |||||||||||||| ||und||
041 _aENGLISH
082 _A616.12 Q5
100 _aMann, Douglas L
245 0 _aBraunwalds Heart Disease : A Textbook of Cardiovascular Medicine Volume - 1
250 _a10th
260 _c2015
_bEls
_aJapan
500 _aREFERENCE
650 _aCardiac Care Technology
_bAllied Health Science
942 _cREF
999 _c246326
_d246326